| 000 | 01027cam a2200313 a 4500 | ||
|---|---|---|---|
| 001 | 4886744 | ||
| 003 | OSt | ||
| 005 | 20140310182144.0 | ||
| 008 | 930730m19931989onca j 001 0 eng | ||
| 010 | _a 93006162 | ||
| 020 | _a0865052042(lib. bdg.) | ||
| 020 | _a0865052840 (pbk.) | ||
| 040 |
_aDLC _cDLC _dDLC |
||
| 042 | _alcac | ||
| 050 | 0 | 0 |
_aDS 806.J3 _b.K33 1989 |
| 082 | 0 | 0 |
_aHS 952.04 _bKa12 1989 |
| 100 | 1 |
_aKalman, Bobbie. _915468 |
|
| 245 | 1 | 0 |
_aJapan, the land / _cBobbie Kalman. |
| 260 |
_aToronto ; New York : _bCrabtree Pub. Co., _cc1989. |
||
| 300 |
_a32 p. : _bcol. ill. ; _c29 cm. |
||
| 440 | 4 |
_aThe lands, peoples, and cultures series _915469 |
|
| 500 | _aIncludes index. | ||
| 651 | 0 |
_aJapan. _915470 |
|
| 651 | 1 |
_aJapan. _915471 |
|
| 906 |
_a7 _bcbc _corignew _d1 _eocip _f19 _gy-gencatlg |
||
| 942 |
_2lcc _cHS |
||
| 999 |
_c9904 _d9904 |
||